Wrong Answers Only #2 - Statistics

General Stats
  • This quiz has been taken 67 times
  • The average score is 7 of 10
Answer Stats
Question Answer % Correct
Which of the following is the answer to 4 + 7? 47
93%
Which of the following events are in a triathlon? Horse Riding
89%
Which of the following ships were part of Colombus' voyage to the New World? Amerigo
79%
Which of the following choices are a Zodiac sign? Centaurus
79%
Which of the following characters are part of the Avengers? Superman
79%
Which of the following countries were part of the Axis powers? Switzerland
75%
Which of the following animals are classified as a mammal? Barn Owl
68%
Which of the following cities are considered holy in Islam? Baghdad
57%
Which of the following cities is a capital of South Africa? Johannesburg
46%
Which of the following elements are a noble gas? Hydrogen
36%
No matching quizzes found
Score Distribution
Percent of People with Each Score
Percentile by Number Answered
Your Score History
You have not taken this quiz